Optical mineralogy. (Record no. 12202)
[ view plain ]
| 000 -LEADER | |
|---|---|
| fixed length control field | 01066cam a2200289 ib4500 |
| 001 - CONTROL NUMBER | |
| control field | 4296751 |
| 003 - CONTROL NUMBER IDENTIFIER | |
| control field | EG-ScBUE |
| 005 - DATE AND TIME OF LATEST TRANSACTION | |
| control field | 20251216100522.0 |
| 008 - FIXED-LENGTH DATA ELEMENTS--GENERAL INFORMATION | |
| fixed length control field | 860613t1987 caua f b 001 0 eng |
| 020 ## - INTERNATIONAL STANDARD BOOK NUMBER | |
| International Standard Book Number | 0865423237 (volume1) |
| 040 ## - CATALOGING SOURCE | |
| Original cataloging agency | EG-ScBUE |
| Language of cataloging | eng |
| Description conventions | rda |
| Transcribing agency | EG-ScBUE |
| Modifying agency | EG-ScBUE |
| 082 04 - DEWEY DECIMAL CLASSIFICATION NUMBER | |
| Classification number | 549.125 |
| Edition number | 22 |
| Item number | EHL |
| 100 1# - MAIN ENTRY--PERSONAL NAME | |
| Personal name | Ehlers, Ernest G., |
| 9 (RLIN) | 7570 |
| Relator term | author. |
| 245 10 - TITLE STATEMENT | |
| Title | Optical mineralogy. |
| Number of part/section of a work | Volume 1, |
| Name of part/section of a work | Theory and technique / |
| Statement of responsibility, etc | Ernest G. Ehlers, Professor Emeritus, Ohio State University. |
| 246 30 - VARYING FORM OF TITLE | |
| Title proper/short title | Theory and technique |
| 264 #1 - PUBLICATION, DISTRIBUTION, ETC. (IMPRINT) | |
| Place of publication, distribution, etc | Palo Alto, California : |
| Name of publisher, distributor, etc | Blackwell Scientific Publications, |
| Date of publication, distribution, etc | [1987] |
| 264 #4 - PUBLICATION, DISTRIBUTION, ETC. (IMPRINT) | |
| Date of publication, distribution, etc | c1987 |
| 300 ## - PHYSICAL DESCRIPTION | |
| Extent | xiv, 158 pages : |
| Other physical details | illustrations (some color) ; |
| Dimensions | 26 cm |
| 336 ## - CONTENT TYPE | |
| Source | rdacontent |
| Content type term | text |
| Content type code | txt |
| 337 ## - MEDIA TYPE | |
| Media type term | unmediated |
| Source | rdamedia |
| Media type code | n |
| 338 ## - CARRIER TYPE | |
| Carrier type term | volume |
| Carrier type code | nc |
| Source | rdacarrier |
| 504 ## - BIBLIOGRAPHY, ETC. NOTE | |
| Bibliography, etc | Includes bibliographical references and index.<br/> |
| 505 0# - FORMATTED CONTENTS NOTE | |
| Formatted contents note | Volume 1. Theory and Technique -- Volume 2. Mineral Descriptions. |
| 650 #7 - SUBJECT ADDED ENTRY--TOPICAL TERM | |
| Topical term or geographic name as entry element | Optical mineralogy. |
| 9 (RLIN) | 7571 |
| Source of heading or term | BUEsh |
| 655 ## - INDEX TERM--GENRE/FORM | |
| Form subdivision | Reading book |
| 942 ## - ADDED ENTRY ELEMENTS (KOHA) | |
| Source of classification or shelving scheme | Dewey Decimal Classification |
| Koha item type | Book - Borrowing |
| Withdrawn status | Lost status | Source of classification or shelving scheme | Damaged status | Not for loan | Collection code | Home library | Current library | Shelving location | Date acquired | Source of acquisition | Cost, normal purchase price | Serial Enumeration / chronology | Total Checkouts | Full call number | Barcode | Date last seen | Price effective from | Koha item type |
|---|---|---|---|---|---|---|---|---|---|---|---|---|---|---|---|---|---|---|
| Dewey Decimal Classification | Alahram | Central Library | Central Library | First floor | 06/07/2009 | 158.40 | 72 | 549.125 EHL | 000017338 | 15/07/2025 | 06/07/2009 | Book - Borrowing |